000 00638nam a2200205Ia 4500
003 GCL
008 140319s9999 xx 000 0 ara d
040 _aGCL /
_cGCL
082 0 4 _a813.03
_bج أ
100 1 _aجميل عطية ابراهيم
245 1 0 _a1952 /
_cجميل عطية ابراهيم
260 _aالقاهرة :
_bدار الهلال للطباعة والنشر ،
_c1990
300 _a264 ص ؛
_c24 سم
490 _aروايات الهلال
_v0
650 0 4 _aالادب العربى
650 0 4 _aالقصص العربية
650 0 4 _aالادب
650 0 4 _aالقصة العربية
942 _2ddc
_cBK
999 _c42462
_d42462